zpět

Detail výsledku týmu

Pivotechna, Ostrava

Datum a čas kvízu

25.5 Celkem bodů Celkový počet nahraných bodů na tomto kvízu bez doplňovacích otázek.
1. Pořadí na kvízu Konečné umístění týmu na tomto kvízu.

Zaznamenané odpovědi

# Otázka Odpověď Body Výsledky
1. Už Vám někdy hořela koudel u z... Šumperk 0
2. Fastfoodový řetězec Burger Kin... je bez pravého masa 0
3. Během návštěvy komunitního stř... Fortnite 1
4. Minulý týden bylo oznámeno, že... Prima a CNN 0.5
5. Fotbalisté anglického klubu, h... Tottenham Hotspur FC 1
6. V tomto tématu ověříme vaše zn... pouze jelení zvěř 0
7. Vyberte jedno psí plemeno, kte... A 0
8. Jelen bílý je zvláštní barevno... Žleby, Žehušice, Kopidlno a Janovice 0
9. Kolikaterák je tento jelen? desaterák (nerovný) 0
10. Co v myslivecké mluvě znamená... oči 1